| 000 | 00580nam a22001937a 4500 | ||
|---|---|---|---|
| 005 | 20260420112421.0 | ||
| 008 | 260420b |||||||| |||| 00| 0 eng d | ||
| 020 | _a9781284172607 | ||
| 050 |
_aQA 76.9 .A25 O76 2020 _bC.1 |
||
| 100 | _aOriyano, Sean-Philip | ||
| 245 | _aHacker Techniques, Tools, and Incident Handling | ||
| 250 | _aThird Edition | ||
| 260 |
_aBurlington, MA _bJones & Bartlett _c2020 |
||
| 300 | _axvi, 407p.:ill. | ||
| 500 | _aIncludes index | ||
| 650 | _a1. Computer hackers. 2. Computer security. | ||
| 700 | _aSolomon, Michael G. | ||
| 942 |
_2lcc _cBK |
||
| 999 |
_c217011 _d217011 |
||